00318nam a22001337a 4500003000400000008004100004082001100045100001800056245003700074250000900111260002200120300000900142650003300151OSt200710b ||||| |||| 00| 0 eng d a612SRH aSridhar, K.A  aHuman Anatomy and Physiology -11 a2019 aNew DelhibNirali a6.14 aHuman Anatomy and Physiology